000 00588cam a22002053a 4500
001 41025
003 PGUSA
005 20140828083925.0
008 121011s2012||||xxu|||||s|||||000 | eng d
040 _aPGUSA
_beng
042 _adc
100 1 _aShaw, Henry Wheeler
245 1 0 _aJosh Billings on Ice :
_bAnd Other Things
_h[electronic resource] /
_cHenry Wheeler Shaw
260 _bProject Gutenberg,
_c2012
506 _aPublic domain in the USA.
516 _aElectronic text
830 0 _aProject Gutenberg
_v41025
856 4 0 _uhttp://www.gutenberg.org/ebooks/41025
942 _cEB
999 _c270277
_d270277